| Поле | Инд. | ПП | Название | Значение |
|---|---|---|---|---|
| Тип записи | m | |||
| Библиографический уровень | m | |||
| 001 | Контрольный номер | c43ed5a2d9c94928ac33764e1f8d6172 | ||
| 005 | Дата корректировки | 20240209111224.5 | ||
| 008 | Кодируемые данные | 240129|||||||||ru |||||||||||||||||rus|| | ||
| 020 | a | ISBN | 978-5-7609-1879-6 | |
| 040 | a | Служба первич. каталог. | DE | |
| b | Код языка каталог. | rus | ||
| e | Правила каталог. | PSBO | ||
| 084 | a | Индекс другой классификации/Индекс ББК | 66 | |
| 100 | 1_ | a | Автор | Звягин А. А. |
| 203 | a | Вид содержания | Текст | |
| c | Тип средства | электронный | ||
| 245 | 10 | a | Заглавие | Россия в гибридной войне. Информационно-психологическая безопасность |
| b | Продолж. заглавия | монография : практическая политология для всех | ||
| h | Физич. носитель | Электронный ресурс | ||
| 260 | a | Место издания | Тверь | |
| b | Издательство | Изд-во Тверского государственного университета | ||
| c | Дата издания | 2023 | ||
| 300 | a | Объем | 328 с. | |
| 500 | a | Примечание | Электрон. текстовые дан. (файл : 18,8 Мб) | |
| 500 | a | Примечание | URL: http://anoinnovation.ru/новости/ | |
| 500 | a | Примечание | Доступ из локальной сети Мурманского арктического университета. - Загл. с экрана | |
| 520 | 0_ | a | Аннотация | Информационная война ведётся против России уже не одно столетие. С появлением ядерного ограничителя тотальной войны супердержав и появившихся возможностей IT по персональному личностному доступу противостояние вышло на новый уровень. Одним из главных орудий стала информационно-психологическая, ментальная составляющая гибридной войны – манипулирование информацией в целях устойчивого изменения мировоззрения населения противника, когда это население на бессознательном уровне начинает рассуждать, принимать решения, действовать против своих интересов и в интересах агрессора. В монографии предложена основа для формирования собственного ментального механизма противодействия угрозам ведущейся информационно-психологической войны и основа для норм и правил информационной гигиены по охране психического здоровья соотечественников, в особенности, молодых людей. В целях большего охвата аудитории стиль монографии – научно-публицистический, не чурающийся эмоциональности для живости восприятия текста, но в чётких рамках академической научной формы с логичной доказательной базой. Соавторы книги – офицеры запаса с опытом работы в центральном аппарате одной из спецслужб России, представители научной школы, уже не одно десятилетие отстаивающие и пропагандирующие цивилизационный подход в политике и государственном строительстве: "Россия страна-цивилизация". Книга предназначена как для широкого круга заинтересованных читателей, в том числе для студентов, аспирантов, молодых преподавателей и научных сотрудников, чтобы помочь им разобраться в непростой ситуации войны России с Анти-Россией |
| 653 | 0_ | a | Ключевые слова | Гибридная война; Информационно-психологическая безопасность; Этическая платформа; Прикладная политическая работа; Информационная гигиена; Общественное мнение; Информационная война; Политология; Монографии; Электронные версии; Антироссийские информации; Информационно-психологическая война |
| 700 | 12 | a | Другие авторы | Артамонов Б.А. |
| 700 | 12 | a | Другие авторы | Мельников И.А. |
| 856 | 40 | u | URL | http://anoinnovation.ru/новости/ |
| 901 | t | Тип документа | m |